[Event "Serpiano op"]
[Site "Serpiano"]
[Date "2024.04.06"]
[Round "3"]
[White "Tirelli, Mauro"]
[Black "Pellegrini, Noah"]
[Result "1-0"]
[WhiteElo "2210"]
[BlackElo "1840"]
[PlyCount "73"]
[EventDate "2024.04.05"]
[EventType "swiss"]
[EventRounds "5"]
[EventCountry "SUI"]
[SourceTitle "CB16_2024"]
[SourceDate "2024.04.17"]
[SourceVersion "1"]
[SourceVersionDate "2024.04.17"]
[SourceQuality "1"]

1. e4 c6 2. d4 d5 3. f3 dxe4 4. fxe4 e5 5. Nf3 Bg4 6. Bc4 Nd7 7. 0-0 Ngf6 8. c3 Bd6 9. Bg5 h6 10. Bh4 0-0 11. Nbd2 Qc7 12. Qc2 Rae8 13. Rae1 b5 14. Bd3 Qb6 15. Kh1 c5 16. d5 c4 17. Be2 Be7 18. Bg3 Bd6 19. Nh4 Bxe2 20. Rxe2 g6 21. b4 a5 22. a3 axb4 23. axb4 Ra8 24. Qc1 Ra4 25. Bf2 Qa6 26. Be3 Ng4 27. Ndf3 Ra8 28. Rfe1 Nxe3 29. Qxe3 Kg7 30. Qf2 Be7 31. Qg3 Bf6 32. Nf5+ Kh7 33. Nxh6 Kxh6 34. Qh3+ Kg7 35. Qxd7 Qa7 36. Qxb5 Ra2 37. Qxc4 1-0

[Event "Piacenza Ruscitti Memorial 2nd"]
[Site "Piacenza"]
[Date "2023.11.19"]
[Round "3"]
[White "Tirelli, Mauro"]
[Black "Rostalnyi, Kyrylo"]
[Result "0-1"]
[WhiteElo "2222"]
[BlackElo "1791"]
[PlyCount "76"]
[EventDate "2023.11.18"]
[EventType "swiss"]
[EventRounds "5"]
[EventCountry "ITA"]
[SourceTitle "CB48_2023"]
[SourceDate "2023.11.29"]
[SourceVersion "1"]
[SourceVersionDate "2023.11.29"]
[SourceQuality "1"]

1. e4 e5 2. f4 Bc5 3. Nf3 d6 4. Nc3 Nc6 5. Bc4 Bg4 6. Bb5 Nge7 7. Na4 0-0 8. Nxc5 dxc5 9. Bxc6 Nxc6 10. d3 Nd4 11. 0-0 exf4 12. Bxf4 f5 13. Be3 Nxf3+ 14. gxf3 Bh3 15. Rf2 f4 16. Bd2 Rf6 17. Kh1 Qe7 18. Qe2 g5 19. Rg1 Rg6 20. d4 cxd4 21. Qc4+ Be6 22. Qxd4 Qg7 23. Qb4 b6 24. Bc3 c5 25. Qb5 Qb7 26. Qe2 Re8 27. Rfg2 g4 28. Qd2 Qc7 29. fxg4 f3 30. Rg3 Rf8 31. Qf2 Qf4 32. h3 Qxe4 33. Re1 Qf4 34. Be5 Qf7 35. b3 Bd5 36. c4 Bc6 37. Ba1 Re6 38. Rgg1 Re2 0-1

[Event "Piacenza Ruscitti Memorial 2nd"]
[Site "Piacenza"]
[Date "2023.11.18"]
[Round "1"]
[White "Tirelli, Mauro"]
[Black "Crisci, Carlo"]
[Result "1-0"]
[WhiteElo "2222"]
[BlackElo "1463"]
[PlyCount "29"]
[EventDate "2023.11.18"]
[EventType "swiss"]
[EventRounds "5"]
[EventCountry "ITA"]
[SourceTitle "CB48_2023"]
[SourceDate "2023.11.29"]
[SourceVersion "1"]
[SourceVersionDate "2023.11.29"]
[SourceQuality "1"]

1. e4 d5 2. exd5 Nf6 3. c4 e6 4. Nf3 exd5 5. d4 Bb4+ 6. Nc3 0-0 7. Be2 dxc4 8. Bxc4 Re8+ 9. Be3 Bg4 10. 0-0 Nc6 11. a3 Bxc3 12. bxc3 Nd5 13. Bd2 Na5 14. Bd3 Nb3 15. Qxb3 1-0

[Event "Titled Tuesday intern op 06th Dec Late"]
[Site "Chess.com INT"]
[Date "2022.12.06"]
[Round "7"]
[White "Tirelli, Mauro"]
[Black "Ardila, Oscar Humberto"]
[Result "0-1"]
[WhiteElo "2238"]
[BlackElo "1997"]
[PlyCount "42"]
[EventDate "2022.12.06"]
[EventType "swiss (blitz)"]
[EventRounds "11"]
[EventCountry "USA"]
[SourceTitle "CBM 211 Extra"]
[Source "ChessBase"]
[SourceDate "2023.01.31"]
[SourceVersion "1"]
[SourceVersionDate "2023.01.31"]
[SourceQuality "1"]

1. d4 Nf6 2. c4 e6 3. Nf3 Bb4+ 4. Bd2 Qe7 5. g3 0-0 6. Bg2 a5 7. 0-0 Bxd2 8. Nbxd2 d6 9. Qc2 Nbd7 10. e4 e5 11. Rfe1 b6 12. Rad1 Bb7 13. d5 Nc5 14. b3 h6 15. Nh4 g6 16. Rf1 Ng4 17. Rde1 Kh7 18. h3 Nf6 19. f4 Nh5 20. f5 Nxg3 21. f6 Qd8 0-1

[Event "Titled Tuesday intern op 06th Dec Late"]
[Site "Chess.com INT"]
[Date "2022.12.06"]
[Round "1"]
[White "Tirelli, Mauro"]
[Black "Mikhailov, Viacheslav"]
[Result "0-1"]
[WhiteElo "2238"]
[BlackElo "2428"]
[PlyCount "54"]
[EventDate "2022.12.06"]
[EventType "swiss (blitz)"]
[EventRounds "11"]
[EventCountry "USA"]
[SourceTitle "CBM 211 Extra"]
[Source "ChessBase"]
[SourceDate "2023.01.31"]
[SourceVersion "1"]
[SourceVersionDate "2023.01.31"]
[SourceQuality "1"]

1. d4 Nf6 2. c4 g6 3. Nc3 Bg7 4. e4 0-0 5. h3 d6 6. Bg5 c6 7. Qd2 a6 8. 0-0-0 b5 9. a3 Nbd7 10. Nf3 Nb6 11. Bh6 Nxc4 12. Bxc4 bxc4 13. Rhe1 Qa5 14. Bxg7 Kxg7 15. g4 Rb8 16. g5 Nh5 17. h4 Bg4 18. Re3 Rb3 19. Rg1 Bxf3 20. Rxf3 Rfb8 21. Re1 e5 22. dxe5 dxe5 23. Rfe3 Nf4 24. Nd1 Qb6 25. Rxb3 Qxb3 26. Qc3 Nd3+ 27. Kb1 Qxc3 0-1

[Event "Titled Tuesday intern op 29th Nov Late"]
[Site "Chess.com INT"]
[Date "2022.11.29"]
[Round "9"]
[White "Tirelli, Mauro"]
[Black "Chernomordik, Pavel"]
[Result "1-0"]
[WhiteElo "2240"]
[BlackElo "2198"]
[PlyCount "131"]
[EventDate "2022.11.29"]
[EventType "swiss (blitz)"]
[EventRounds "11"]
[EventCountry "USA"]
[SourceTitle "EXT 2024"]
[Source "ChessBase"]
[SourceDate "2023.10.10"]
[SourceVersion "1"]
[SourceVersionDate "2023.10.10"]
[SourceQuality "1"]

1. d4 g6 2. c4 Bg7 3. Nf3 d6 4. g3 Nf6 5. Bg2 0-0 6. 0-0 c6 7. Nc3 a6 8. h3 b5 9. e4 b4 10. Na4 Nxe4 11. Re1 Nf6 12. Bg5 a5 13. Rc1 Nbd7 14. Nd2 Bb7 15. c5 Qc7 16. cxd6 exd6 17. d5 c5 18. Nc4 Rad8 19. Bf4 Ne8 20. Re7 Bf6 21. Rxe8 Rfxe8 22. Nxd6 Be5 23. Nxe8 Rxe8 24. Be3 Bd6 25. a3 Rc8 26. axb4 axb4 27. Qd2 Qa5 28. b3 c4 29. Bd4 cxb3 30. Rxc8+ Bxc8 31. Nb2 Qc7 32. Be4 Be5 33. Qxb4 Bxg3 34. fxg3 Qxg3+ 35. Bg2 Ne5 36. Bxe5 Qxe5 37. Qxb3 Qd4+ 38. Kh1 Bf5 39. Nd1 Be4 40. Ne3 Bxg2+ 41. Nxg2 Qa1+ 42. Kh2 Qe5+ 43. Kg1 Qd4+ 44. Kf1 Qa1+ 45. Kf2 Qd4+ 46. Ne3 Qf4+ 47. Ke2 Qh2+ 48. Kd3 Qxh3 49. Qb8+ Kg7 50. Qe5+ Kg8 51. d6 h5 52. Qe7 Qh1 53. d7 Qb1+ 54. Ke2 Qa2+ 55. Kf3 Qa8+ 56. Kf4 Qb8+ 57. Ke4 Qb7+ 58. Nd5 Qb1+ 59. Ke5 Qe1+ 60. Kd6 Qg3+ 61. Qe5 Qa3+ 62. Kc7 Qc5+ 63. Kb7 Qb5+ 64. Kc8 Qc6+ 65. Nc7 Qxc7+ 66. Kxc7 1-0

[Event "Titled Tuesday intern op 29th Nov Late"]
[Site "Chess.com INT"]
[Date "2022.11.29"]
[Round "4"]
[White "Tirelli, Mauro"]
[Black "Perez Rodriguez, Jennifer"]
[Result "1-0"]
[WhiteElo "2240"]
[BlackElo "2210"]
[PlyCount "193"]
[EventDate "2022.11.29"]
[EventType "swiss (blitz)"]
[EventRounds "11"]
[EventCountry "USA"]
[SourceTitle "EXT 2024"]
[Source "ChessBase"]
[SourceDate "2023.10.10"]
[SourceVersion "1"]
[SourceVersionDate "2023.10.10"]
[SourceQuality "1"]

1. d4 d5 2. c4 c6 3. Nf3 Nf6 4. Nc3 e6 5. Bg5 Nbd7 6. e3 Qa5 7. Nd2 dxc4 8. Bxf6 Nxf6 9. Nxc4 Qc7 10. Be2 Be7 11. 0-0 0-0 12. Rc1 Bd7 13. Qc2 Rad8 14. Rfd1 Bc8 15. a3 Rfe8 16. b4 Nd5 17. Ne4 Nb6 18. Ne5 f6 19. Nd3 Nd5 20. Nec5 Bd6 21. g3 e5 22. dxe5 Bxe5 23. Nxe5 Qxe5 24. Bc4 Kh8 25. Qd3 Bg4 26. Rd2 b6 27. Nb3 Bf3 28. Nd4 Be4 29. Nxc6 Qf5 30. Qe2 Nf4 31. exf4 Bxc6 32. Rxd8 Rxd8 33. Be6 Qe4 34. Qxe4 Bxe4 35. Rc8 Rxc8 36. Bxc8 Kg8 37. Kf1 Kf7 38. Ke2 Ke7 39. Ke3 Bd5 40. Bf5 g6 41. Bd3 Kd6 42. Kd4 Bf3 43. h4 f5 44. Bc4 h6 45. Bf7 Bh5 46. Ke3 Ke7 47. Bd5 Bd1 48. Bf3 Bb3 49. h5 gxh5 50. Bxh5 Kf6 51. Kd4 Ba2 52. Bf3 Bb3 53. Bd5 Bd1 54. Bc4 Bf3 55. Bd5 Bd1 56. Bb7 Bb3 57. Bc8 a5 58. bxa5 bxa5 59. Kc5 Bc2 60. Kb5 a4 61. Kb4 Ke7 62. Bb7 Kd6 63. Ba6 Kd5 64. Bb5 Ke4 65. Bxa4 Bb1 66. Bc6+ Kd3 67. a4 Ke2 68. a5 Bd3 69. Bb5 Bxb5 70. Kxb5 Kxf2 71. a6 Kxg3 72. a7 h5 73. a8Q h4 74. Qg8+ Kxf4 75. Qg2 Ke3 76. Kc4 f4 77. Qg1+ Ke2 78. Qg2+ Ke3 79. Qh3+ f3 80. Qxh4 Ke2 81. Kd4 f2 82. Qg4+ Ke1 83. Qe4+ Kd1 84. Qh1+ Ke2 85. Qe4+ Kd1 86. Qd3+ Ke1 87. Qe3+ Kf1 88. Kd3 Kg1 89. Qg3+ Kh1 90. Qh3+ Kg1 91. Qg3+ Kh1 92. Qh3+ Kg1 93. Ke2 f1Q+ 94. Qxf1+ Kh2 95. Qf5 Kg1 96. Qg6+ Kh2 97. Kf2 1-0

[Event "Cattolica Vergani Cup"]
[Site "Cattolica"]
[Date "2021.12.28"]
[Round "5"]
[White "Comellas Blanchart, Jordi"]
[Black "Tirelli, Mauro"]
[Result "0-1"]
[WhiteElo "2044"]
[BlackElo "2174"]
[PlyCount "42"]
[EventDate "2021.12.26"]
[EventType "swiss"]
[EventRounds "9"]
[EventCountry "ITA"]
[SourceTitle "EXT 2023"]
[Source "ChessBase"]
[SourceDate "2022.10.05"]
[SourceVersion "1"]
[SourceVersionDate "2022.10.05"]
[SourceQuality "1"]

1. d4 Nf6 2. c4 c5 3. d5 d6 4. Nc3 g6 5. e4 Bg7 6. Nf3 0-0 7. Be2 e6 8. 0-0 Re8 9. Bg5 h6 10. Be3 exd5 11. exd5 Bf5 12. Nh4 Bc8 13. Nf3 Bg4 14. h3 Bxf3 15. Bxf3 Rxe3 16. fxe3 Nbd7 17. Ne4 Nxe4 18. Bxe4 Qe7 19. Qd3 Re8 20. Bf3 Qh4 21. Rfd1 Ne5 0-1

[Event "Cattolica Vergani Cup"]
[Site "Cattolica"]
[Date "2021.12.27"]
[Round "3"]
[White "Nandhidhaa, PV."]
[Black "Tirelli, Mauro"]
[Result "1-0"]
[WhiteElo "2313"]
[BlackElo "2174"]
[PlyCount "81"]
[EventDate "2021.12.26"]
[EventType "swiss"]
[EventRounds "9"]
[EventCountry "ITA"]
[SourceTitle "CBM 206 Extra"]
[Source "ChessBase"]
[SourceDate "2022.03.31"]
[SourceVersion "1"]
[SourceVersionDate "2022.03.31"]
[SourceQuality "1"]

1. e4 c5 2. c3 e6 3. d4 cxd4 4. cxd4 d5 5. e5 Nc6 6. Nf3 Bd7 7. Be2 Nge7 8. 0-0 Nf5 9. Nc3 Be7 10. a3 Rc8 11. g4 Nh4 12. Nxh4 Bxh4 13. Be3 f6 14. Nb5 0-0 15. Nd6 fxe5 16. Nxc8 exd4 17. Bxd4 Qxc8 18. Bc5 Rf7 19. f4 Qc7 20. Be3 Qd6 21. Bd3 Bd8 22. Qc2 g6 23. Rad1 Bb6 24. Bxb6 axb6 25. Qf2 g5 26. f5 Ne5 27. Qd4 Qc5 28. Be2 Nc6 29. Qf2 Ne7 30. Rc1 Qd6 31. Qe3 exf5 32. Qxg5+ Rg7 33. Qe3 Bc6 34. Rf4 h5 35. Bd3 Qh6 36. Re1 Kh8 37. Qd4 Ng6 38. Rxf5 hxg4 39. Rf6 Qh4 40. Ref1 Ne7 41. Qe5 1-0